Management research methodology : integration of principles methods and techniques for VTU (Record no. 195620)

MARC details
000 -LEADER
fixed length control field 00585nam a2200169Ia 4500
005 - DATE AND TIME OF LATEST TRANSACTION
control field 20250409142021.0
008 - FIXED-LENGTH DATA ELEMENTS--GENERAL INFORMATION
fixed length control field 231217s9999 xx 000 0 und d
020 ## - INTERNATIONAL STANDARD BOOK NUMBER
International Standard Book Number 9788131767788
082 ## - DEWEY DECIMAL CLASSIFICATION NUMBER
Classification number 658.40072 KRI;1 R
100 ## - MAIN ENTRY--PERSONAL NAME
Personal name Krishnaswamy, K N. Sivakumar, Appa Iyer. Mathirajan, M.
245 #0 - TITLE STATEMENT
Title Management research methodology : integration of principles methods and techniques for VTU
260 ## - PUBLICATION, DISTRIBUTION, ETC. (IMPRINT)
Date of publication, distribution, etc. 2012
Name of publisher, distributor, etc. Dorling Kindersley
Place of publication, distribution, etc. New Delhi
300 ## - PHYSICAL DESCRIPTION
Extent xiv, 505+S-29
650 ## - SUBJECT ADDED ENTRY--TOPICAL TERM
Topical term or geographic name as entry element Management,methodology,integration,techniques
942 ## - ADDED ENTRY ELEMENTS (KOHA)
Koha item type Books
400 ## - SERIES STATEMENT/ADDED ENTRY--PERSONAL NAME [OBSOLETE, CAN/MARC], [LOCAL, USA]
Personal name University MBA series
Holdings
Date last seen Total Checkouts Total Renewals Full call number Accession number Old discount Date checked out Price effective from Category Public note Lost status Damaged status Department Withdrawn status bill date Permanent Location Current Location Shelving location Entry date Grants Currency symbol Conversion rate Discount Discount type
22/11/2024 3 1 658.40072 KRI;1 R 86850   22/11/2024 26/01/2024 Books Donated by MBA Dept.     Central Library   06/07/2022 Central Library RFID Kiosk Central Library 31/07/2013 DONATED RS 1   Rupees

© For any Suggestions or Query, please contact the library staff @ librarian@pes.edu or Phone: +9180 2672 1983/ 2108.